| 000 | 00693nam a2200217Ia 4500 | ||
|---|---|---|---|
| 005 | 20241129105759.0 | ||
| 008 | 241129s9999||||xx |||||||||||||| ||und|| | ||
| 020 | _a978-0-367-74947-7 | ||
| 037 | _aTB | ||
| 040 |
_aARTS _beng _cARTS |
||
| 041 |
_aeng _2eng |
||
| 084 |
_aT9(Y72).2 R0 _qARTS |
||
| 100 |
_aShah Ghanshyam Ed.; Bara Joseph Ed. _9724712 |
||
| 245 | 0 |
_aSocial inculsion and education in India: scheduled tribes, denotified tribes and nomadic tribes _cShah Ghanshyam Ed.; Bara Joseph Ed. |
|
| 260 |
_aLondon, UK _bRoutledge _c2021 |
||
| 300 | _axviii,202p. | ||
| 365 |
_aINR _b995 |
||
| 650 | _aEducation | ||
| 942 |
_cTB _hT9(Y72).2 R0 |
||
| 999 |
_c1225908 _d1225908 |
||